=LDR 00000nam 2200000 4500 =001 NUTBA000000000000887 =005 20140403154506.0 =006 =007 =008 =020 ##$$a 978-979-29-1720-8 =035 ##$$a 0010-041400000000157 =040 ##$$b Ind =090 ##$$a 741.24 $bIrf $cp =100 ##$$a Irfan Abdurohman =245 ##$$a Panduan Menggambar Manusia =260 ##$$a Yogyakarta $bAndi $c2010 =300 ##$$a xii,250 hlm. $bIllus $c21 cm. =650 ##$$a Menggambar =850 ##$$a nbpdmat =990 ##$$a 21303911 =990 ##$$a 92691/BPAP-NTB/2014 =990 ##$$a 21195341/BPAP-NTB/2014 =990 ##$$a 21195460/BPAP-NTB/2014 =990 ##$$a 21195781/BPAP-NTB/2014 =990 ##$$a 21400521/BPAP-NTB/2014